[Event "Northumbria Masters Open"]
[Site "Newcastle"]
[Date "2021.08.30"]
[Round "8.13"]
[White "Ortiz Sanchez, Luis"]
[Black "Green, Andrew D"]
[Result "1-0"]
[WhiteElo "1899"]
[BlackElo "2154"]
[PlyCount "131"]
[EventDate "2021.08.26"]
[EventType "swiss"]
[EventRounds "9"]
[EventCountry "ENG"]
[SourceTitle "The Week in Chess 1399"]
[Source "Mark Crowther"]
[SourceDate "2021.08.30"]
[SourceVersion "1"]
[SourceVersionDate "2021.08.30"]
[SourceQuality "2"]

1. e4 c5 2. c3 d5 3. exd5 Qxd5 4. d4 g6 5. Nf3 Bg7 6. Na3 cxd4 7. Nb5 Na6 8.
Nbxd4 Nf6 9. Bb5+ Bd7 10. Bxa6 bxa6 11. O-O O-O 12. Re1 e6 13. Ne5 Rfd8 14. c4
Qb7 15. Qb3 Qc7 16. Bg5 h6 17. Bh4 Be8 18. Rad1 g5 19. Bg3 Nh5 20. Qe3 Nxg3 21.
hxg3 Rab8 22. b3 Rb6 23. f4 Rbd6 24. Rd2 Qc5 25. Red1 f6 26. b4 Qc8 27. Nef3
Qxc4 28. a3 g4 29. Nb3 Rxd2 30. Rxd2 Rxd2 31. Nfxd2 Qd5 32. Nc5 Kf7 33. f5 Qxf5
34. Nce4 Qd5 35. Qxa7+ Kg6 36. Qc5 Qd3 37. Qe7 Bd7 38. Nc5 Qe3+ 39. Kh2 Bc8 40.
Qe8+ Kh7 41. Qxc8 Qxd2 42. Qxe6 a5 43. Qxg4 axb4 44. axb4 Qg5 45. Qxg5 fxg5 46.
Nd7 Bd4 47. b5 Kg6 48. b6 Kf5 49. b7 Ba7 50. b8=Q Bxb8 51. Nxb8 h5 52. Nc6 Ke4
53. Kg1 Kf5 54. Nd4+ Ke4 55. Ne2 Ke3 56. Nc3 Kd4 57. Nd1 Kd3 58. Kf2 Ke4 59.
Nc3+ Kd4 60. Ne2+ Ke4 61. Ng1 Kf5 62. Kf3 g4+ 63. Ke3 Kg5 64. Ke4 h4 65. gxh4+
Kxh4 66. Kf4 1-0

[Event "Northumbria Masters Open"]
[Site "Newcastle"]
[Date "2021.08.30"]
[Round "8.14"]
[White "Khoury, Theo"]
[Black "Brown, Thomas"]
[Result "0-1"]
[WhiteElo "1697"]
[BlackElo "2129"]
[PlyCount "88"]
[EventDate "2021.08.26"]
[EventType "swiss"]
[EventRounds "9"]
[EventCountry "ENG"]
[SourceTitle "The Week in Chess 1399"]
[Source "Mark Crowther"]
[SourceDate "2021.08.30"]
[SourceVersion "1"]
[SourceVersionDate "2021.08.30"]
[SourceQuality "2"]

1. e4 c5 2. Nf3 d6 3. d4 cxd4 4. Nxd4 Nf6 5. Nc3 g6 6. Be2 Bg7 7. O-O O-O 8.
Be3 Nc6 9. Nb3 Be6 10. f4 b5 11. Bxb5 Ng4 12. Qd3 Nb4 13. Qe2 Nxe3 14. Qxe3
Nxc2 15. Qe2 Nxa1 16. Rxa1 a6 17. Bc4 Qb6+ 18. Kf1 Bxc3 19. bxc3 Bxc4 20. Qxc4
Rfc8 21. Qd4 Qxd4 22. cxd4 Rc2 23. d5 Rac8 24. a3 R8c4 25. Re1 Rb2 26. Na5 Rcc2
27. Nc6 Rf2+ 28. Kg1 Rxg2+ 29. Kh1 Rxh2+ 30. Kg1 Kf8 31. e5 Rbg2+ 32. Kf1 Rh1+
33. Kxg2 Rxe1 34. exd6 exd6 35. Nb4 a5 36. Nc6 a4 37. Nd4 Rd1 38. Nb5 Rxd5 39.
Nc3 Rd2+ 40. Kg1 Rd4 41. Nb5 Rxf4 42. Nxd6 Rf3 43. Nc4 Rc3 44. Nb6 Rxa3 0-1

[Event "Northumbria Masters Open"]
[Site "Newcastle"]
[Date "2021.08.30"]
[Round "8.15"]
[White "Willmoth, Robert F"]
[Black "Ther, Mate"]
[Result "1-0"]
[WhiteElo "2116"]
[BlackElo "1964"]
[PlyCount "63"]
[EventDate "2021.08.26"]
[EventType "swiss"]
[EventRounds "9"]
[EventCountry "ENG"]
[SourceTitle "The Week in Chess 1399"]
[Source "Mark Crowther"]
[SourceDate "2021.08.30"]
[SourceVersion "1"]
[SourceVersionDate "2021.08.30"]
[SourceQuality "2"]

1. d4 Nf6 2. Nf3 e6 3. b3 b6 4. Bb2 Bb7 5. Nbd2 Be7 6. e3 c5 7. Bd3 O-O 8. Qe2
Nc6 9. a3 d5 10. O-O cxd4 11. exd4 Nd7 12. Rfd1 Bf6 13. Ne5 Ncxe5 14. dxe5 Be7
15. c4 Nc5 16. Bc2 Qe8 17. b4 Na4 18. Bd4 a5 19. bxa5 Rxa5 20. cxd5 Rxd5 21.
Nc4 Ba6 22. Qe4 g6 23. Bxa4 b5 24. Ne3 Rxd4 25. Rxd4 bxa4 26. Ng4 Kg7 27. Qe3
f5 28. exf6+ Bxf6 29. Qh6+ Kg8 30. Nxf6+ Rxf6 31. Rad1 Rf8 32. Rd7 1-0

[Event "Northumbria Masters Open"]
[Site "Newcastle"]
[Date "2021.08.30"]
[Round "8.16"]
[White "Yoon, Jacob D"]
[Black "Clarke, Connor"]
[Result "1-0"]
[WhiteElo "2116"]
[BlackElo "1691"]
[PlyCount "89"]
[EventDate "2021.08.26"]
[EventType "swiss"]
[EventRounds "9"]
[EventCountry "ENG"]
[SourceTitle "The Week in Chess 1399"]
[Source "Mark Crowther"]
[SourceDate "2021.08.30"]
[SourceVersion "1"]
[SourceVersionDate "2021.08.30"]
[SourceQuality "2"]

1. d4 d5 2. Nc3 Nf6 3. Bg5 Nbd7 4. f3 h6 5. Bh4 c5 6. e4 dxe4 7. d5 Qb6 8. fxe4
Nxe4 9. Nxe4 Qb4+ 10. Nc3 Qxh4+ 11. g3 Qb4 12. Qd2 g6 13. a3 Qa5 14. Nf3 Bg7
15. Bd3 Ne5 16. Nxe5 Bxe5 17. O-O h5 18. Qg5 Bd4+ 19. Kg2 Bd7 20. Rxf7 O-O-O
21. Ne4 h4 22. c3 Bf6 23. Nxf6 exf6 24. Qxf6 Qa4 25. c4 Qa5 26. Qf2 hxg3 27.
hxg3 Rh6 28. Rf8 Rh8 29. Rxd8+ Qxd8 30. Rh1 Rf8 31. Qxc5+ Kb8 32. Qd6+ Ka8 33.
Qe5 Qb6 34. Rf1 Re8 35. Qc3 a6 36. c5 Qd8 37. Bxg6 Re2+ 38. Kg1 Bh3 39. Re1
Rg2+ 40. Kh1 Ka7 41. c6 Qb6 42. cxb7 Rxb2 43. b8=Q+ Qxb8 44. Re7+ Rb7 45. Qc5+
1-0

[Event "Northumbria Masters Open"]
[Site "Newcastle"]
[Date "2021.08.30"]
[Round "8.18"]
[White "Verma, Aditya"]
[Black "Hutchinson, Paul A"]
[Result "1-0"]
[WhiteElo "2170"]
[BlackElo "2120"]
[PlyCount "103"]
[EventDate "2021.08.26"]
[EventType "swiss"]
[EventRounds "9"]
[EventCountry "ENG"]
[SourceTitle "The Week in Chess 1399"]
[Source "Mark Crowther"]
[SourceDate "2021.08.30"]
[SourceVersion "1"]
[SourceVersionDate "2021.08.30"]
[SourceQuality "2"]

1. e4 d5 2. exd5 Qxd5 3. Nc3 Qa5 4. d4 Nf6 5. Nf3 c6 6. Bc4 Bg4 7. h3 Bh5 8.
Qe2 e6 9. g4 Bg6 10. Bd2 Bb4 11. a3 Bxc3 12. Bxc3 Qc7 13. O-O-O Nbd7 14. Kb1
Nd5 15. Bd2 b5 16. Bb3 a5 17. Ne5 Nxe5 18. Qxe5 Qxe5 19. dxe5 O-O 20. f4 Rfb8
21. Rhf1 b4 22. a4 Rd8 23. f5 exf5 24. gxf5 Bh5 25. Rde1 h6 26. Bc1 Rd7 27. e6
fxe6 28. Rxe6 Rc8 29. Rg1 Kh7 30. Re4 Re8 31. Rc4 Rd6 32. Rc5 Re5 33. Bf4 Nxf4
34. Rxe5 Nxh3 35. Rh1 Bg4 36. Rxa5 h5 37. Re5 Ng5 38. a5 Nf3 39. Re7 c5 40. Bf7
h4 41. Re6 Rd8 42. Bg6+ Kh6 43. a6 Ra8 44. Be8+ Kg5 45. Bc6 Ra7 46. Bxf3 Bxf3
47. Rf1 Bg2 48. Rg6+ Kh5 49. Rxg2 Rxa6 50. Rxg7 Rf6 51. Rh7+ Kg4 52. Rg1+ 1-0

[Event "Northumbria Masters Open"]
[Site "Newcastle"]
[Date "2021.08.30"]
[Round "8.19"]
[White "Gayson, Peter M"]
[Black "Kett, Timothy"]
[Result "1/2-1/2"]
[WhiteElo "2150"]
[BlackElo "2167"]
[PlyCount "61"]
[EventDate "2021.08.26"]
[EventType "swiss"]
[EventRounds "9"]
[EventCountry "ENG"]
[SourceTitle "The Week in Chess 1399"]
[Source "Mark Crowther"]
[SourceDate "2021.08.30"]
[SourceVersion "1"]
[SourceVersionDate "2021.08.30"]
[SourceQuality "2"]

1. e4 e5 2. Bc4 Nf6 3. d4 exd4 4. Nf3 Nc6 5. O-O Nxe4 6. Re1 d5 7. Bxd5 Qxd5 8.
Nc3 Qd7 9. Nxe4 Be7 10. Bg5 O-O 11. Bxe7 Qxe7 12. Nxd4 Bd7 13. Nb3 Bf5 14. Qf3
Bg6 15. Nec5 Qg5 16. Qc3 Rfe8 17. Nxb7 Ne5 18. Rad1 Bh5 19. f4 Qxf4 20. Rd4 Qg5
21. Rf1 Ng4 22. Qd2 Qe5 23. Qf4 Qxf4 24. Rdxf4 Re2 25. h3 Ne3 26. R1f2 Re1+ 27.
Kh2 f6 28. N7c5 Bg6 29. Nd3 Rd1 30. Nbc5 Re8 31. Ra4 1/2-1/2

[Event "Northumbria Masters Open"]
[Site "Newcastle"]
[Date "2021.08.30"]
[Round "8.20"]
[White "Chan, Sheng Liang Bernard"]
[Black "Villiers, Thomas"]
[Result "0-1"]
[WhiteElo "1870"]
[BlackElo "2165"]
[PlyCount "44"]
[EventDate "2021.08.26"]
[EventType "swiss"]
[EventRounds "9"]
[EventCountry "ENG"]
[SourceTitle "The Week in Chess 1399"]
[Source "Mark Crowther"]
[SourceDate "2021.08.30"]
[SourceVersion "1"]
[SourceVersionDate "2021.08.30"]
[SourceQuality "2"]

1. d4 c5 2. c3 Nf6 3. Nf3 cxd4 4. cxd4 d5 5. Nc3 Nc6 6. Bf4 Qb6 7. e3 Bg4 8.
Qb3 Qxb3 9. axb3 Bxf3 10. gxf3 e6 11. Bb5 Kd7 12. Na4 Bd6 13. Bxc6+ Kxc6 14.
Rc1+ Kd7 15. Be5 b6 16. Rg1 Bxe5 17. Rxg7 Bd6 18. Rxf7+ Be7 19. Nc3 Rhg8 20.
Nb5 Rg1+ 21. Kd2 Rxc1 22. Kxc1 a6 0-1

[Event "Northumbria Masters Open"]
[Site "Newcastle"]
[Date "2021.08.30"]
[Round "8.21"]
[White "Smith, Andrew Philip"]
[Black "Hosdurga, Chirag"]
[Result "1-0"]
[WhiteElo "2144"]
[BlackElo "1838"]
[PlyCount "57"]
[EventDate "2021.08.26"]
[EventType "swiss"]
[EventRounds "9"]
[EventCountry "ENG"]
[SourceTitle "The Week in Chess 1399"]
[Source "Mark Crowther"]
[SourceDate "2021.08.30"]
[SourceVersion "1"]
[SourceVersionDate "2021.08.30"]
[SourceQuality "2"]

1. e4 c5 2. Nf3 Nc6 3. d4 cxd4 4. Nxd4 e5 5. Nb3 Nf6 6. Bd3 Bb4+ 7. N1d2 d5 8.
exd5 Qxd5 9. O-O O-O 10. Bc4 Qd8 11. c3 Bd6 12. Qe2 Kh8 13. Re1 Qc7 14. Nf1 e4
15. Bg5 Ng4 16. h3 Nge5 17. Qxe4 f5 18. Qh4 Nxc4 19. Qxc4 b5 20. Qd5 h6 21.
Rad1 Be5 22. Rxe5 hxg5 23. Ree1 Bb7 24. Qxb5 a6 25. Qe2 g4 26. Nc5 Rae8 27.
Qxe8 Rxe8 28. Rxe8+ Kh7 29. Rd7 1-0

[Event "Northumbria Masters Open"]
[Site "Newcastle"]
[Date "2021.08.30"]
[Round "8.22"]
[White "Homer, Stephen J"]
[Black "Siddharth, Gopakumar"]
[Result "0-1"]
[WhiteElo "1988"]
[BlackElo "1856"]
[PlyCount "66"]
[EventDate "2021.08.26"]
[EventType "swiss"]
[EventRounds "9"]
[EventCountry "ENG"]
[SourceTitle "The Week in Chess 1399"]
[Source "Mark Crowther"]
[SourceDate "2021.08.30"]
[SourceVersion "1"]
[SourceVersionDate "2021.08.30"]
[SourceQuality "2"]

1. e4 c5 2. Nf3 d6 3. d4 cxd4 4. Nxd4 Nf6 5. Nc3 a6 6. g3 e5 7. Nde2 Be7 8. Bg2
O-O 9. O-O b5 10. Nd5 Nbd7 11. Nec3 Nxd5 12. Nxd5 Nf6 13. Nxe7+ Qxe7 14. Qd3
Rd8 15. Rd1 Bb7 16. Bg5 Rac8 17. c3 h6 18. Bxf6 Qxf6 19. a4 Rc5 20. b4 Rc4 21.
axb5 axb5 22. Ra7 Rd7 23. Qe3 Qd8 24. Bh3 Rdc7 25. Qb6 Bxe4 26. Rxd6 Qe7 27.
Qb8+ Kh7 28. Raa6 Rxc3 29. Qxb5 Rc1+ 30. Bf1 Qg5 31. f4 R7c2 32. fxg5 Rg2+ 33.
Kh1 Rxg3# 0-1

[Event "Northumbria Masters Open"]
[Site "Newcastle"]
[Date "2021.08.30"]
[Round "9.1"]
[White "Clarke, Brandon G I"]
[Black "Petrov, Marian"]
[Result "1/2-1/2"]
[WhiteElo "2429"]
[BlackElo "2457"]
[PlyCount "22"]
[EventDate "2021.08.26"]
[EventType "swiss"]
[EventRounds "9"]
[EventCountry "ENG"]
[SourceTitle "The Week in Chess 1399"]
[Source "Mark Crowther"]
[SourceDate "2021.08.30"]
[SourceVersion "1"]
[SourceVersionDate "2021.08.30"]
[SourceQuality "2"]

1. e4 c5 2. Nf3 Nc6 3. d4 cxd4 4. Nxd4 Qb6 5. Nb3 Nf6 6. Nc3 e6 7. Qe2 Bb4 8.
Bd2 O-O 9. a3 Bxc3 10. Bxc3 e5 11. O-O-O Qc7 1/2-1/2

[Event "Northumbria Masters Open"]
[Site "Newcastle"]
[Date "2021.08.30"]
[Round "9.3"]
[White "Turner, Max N"]
[Black "Arkell, Keith C"]
[Result "0-1"]
[WhiteElo "2182"]
[BlackElo "2382"]
[PlyCount "136"]
[EventDate "2021.08.26"]
[EventType "swiss"]
[EventRounds "9"]
[EventCountry "ENG"]
[SourceTitle "The Week in Chess 1399"]
[Source "Mark Crowther"]
[SourceDate "2021.08.30"]
[SourceVersion "1"]
[SourceVersionDate "2021.08.30"]
[SourceQuality "2"]

1. d4 Nf6 2. c4 e6 3. Nc3 Bb4 4. e3 O-O 5. Bd3 c5 6. Nge2 cxd4 7. exd4 d5 8.
cxd5 Nxd5 9. O-O Nc6 10. Bc2 Re8 11. Qd3 g6 12. Rd1 Bf8 13. Qg3 Bg7 14. Be4
Nce7 15. Bg5 Qb6 16. h4 h6 17. Bd2 Nf6 18. Qd3 Bd7 19. Bf3 Bc6 20. Bxc6 Qxc6
21. Rac1 Qd7 22. Bf4 Nf5 23. g3 Red8 24. Be5 Nd5 25. Nxd5 Qxd5 26. Bxg7 Kxg7
27. Rc7 Qxa2 28. h5 Qa5 29. Rdc1 g5 30. R1c5 Qe1+ 31. Kg2 Kg8 32. Qc4 Qb1 33.
Re5 Rd6 34. Rxb7 Rad8 35. Qb3 Rb6 36. Rxb6 axb6 37. Qxb6 Ra8 38. Nc3 Qd3 39. d5
g4 40. Re1 exd5 41. Qf6 d4 42. Ne4 Qf3+ 43. Kh2 Re8 44. Rc1 Qxe4 45. Rc5 Ng7
46. Qxh6 Qf3 47. Qf4 Re2 48. Qxf3 gxf3 49. g4 Rxf2+ 50. Kg3 Rxb2 51. Kxf3 Ne6
52. Rd5 f6 53. Rd7 Ng5+ 54. Kf4 Rf2+ 55. Kg3 Rf3+ 56. Kg2 Rf4 57. Kg3 Rf3+ 58.
Kg2 d3 59. h6 Re3 60. Kf2 Re2+ 61. Kg3 Re3+ 62. Kf2 Rh3 63. Kg2 Rxh6 64. Rxd3
Kf7 65. Ra3 Rh8 66. Ra6 Rb8 67. Kg3 Rb3+ 68. Kg2 Ne4 0-1

[Event "Northumbria Masters Open"]
[Site "Newcastle"]
[Date "2021.08.30"]
[Round "9.4"]
[White "Olson, Hamish"]
[Black "Sowray, Peter John"]
[Result "1-0"]
[WhiteElo "2246"]
[BlackElo "2196"]
[PlyCount "109"]
[EventDate "2021.08.26"]
[EventType "swiss"]
[EventRounds "9"]
[EventCountry "ENG"]
[SourceTitle "The Week in Chess 1399"]
[Source "Mark Crowther"]
[SourceDate "2021.08.30"]
[SourceVersion "1"]
[SourceVersionDate "2021.08.30"]
[SourceQuality "2"]

1. Nf3 d5 2. g3 e6 3. Bg2 Nf6 4. O-O c5 5. d4 cxd4 6. Nxd4 e5 7. Nf3 Nc6 8. c4
d4 9. e3 Be7 10. exd4 exd4 11. Bf4 Qb6 12. Ne5 O-O 13. Qb3 Na5 14. Qxb6 axb6
15. Nd2 Be6 16. Nb3 Bc5 17. Nxa5 bxa5 18. Bxb7 Rab8 19. Bf3 Bd6 20. c5 g5 21.
cxd6 gxf4 22. Rfd1 fxg3 23. hxg3 Rxb2 24. a3 Nd7 25. Nc6 Kg7 26. Rxd4 Rc8 27.
Rdd1 a4 28. Nb4 Rc3 29. Bc6 Rbb3 30. Bb5 Rxa3 31. Rxa3 Rxa3 32. Bxd7 Bxd7 33.
Na6 Rc3 34. Nb8 Be6 35. d7 Bxd7 36. Nxd7 a3 37. Kg2 a2 38. Ra1 Ra3 39. Kf1 Kg6
40. Ke2 Kf5 41. Nb6 Kg4 42. Nc4 Ra7 43. Ne3+ Kg5 44. Kd2 h5 45. Kc2 h4 46.
gxh4+ Kxh4 47. Kb2 f5 48. Rxa2 Rb7+ 49. Kc3 f4 50. Ra4 Rf7 51. Kd3 Kh3 52. Nd5
Kg2 53. Ke2 f3+ 54. Ke3 Rb7 55. Rg4+ 1-0

[Event "Northumbria Masters Open"]
[Site "Newcastle"]
[Date "2021.08.30"]
[Round "9.5"]
[White "Dong Bao Nghia"]
[Black "Modi, Shyam Jagdish"]
[Result "1-0"]
[WhiteElo "2227"]
[BlackElo "2118"]
[PlyCount "65"]
[EventDate "2021.08.26"]
[EventType "swiss"]
[EventRounds "9"]
[EventCountry "ENG"]
[SourceTitle "The Week in Chess 1399"]
[Source "Mark Crowther"]
[SourceDate "2021.08.30"]
[SourceVersion "1"]
[SourceVersionDate "2021.08.30"]
[SourceQuality "2"]

1. d4 Nf6 2. Bf4 g6 3. h3 Bg7 4. e3 O-O 5. Nf3 d6 6. Bc4 c5 7. c3 Nc6 8. O-O d5
9. Be2 Nd7 10. Nbd2 e5 11. dxe5 Ndxe5 12. Nxe5 Nxe5 13. e4 Be6 14. Bxe5 Bxe5
15. f4 Bc7 16. e5 f6 17. Bg4 Qd7 18. exf6 Rxf6 19. g3 h5 20. Bxe6+ Qxe6 21. Nf3
Rd8 22. Ng5 Qe3+ 23. Kg2 h4 24. Rf3 Qe7 25. Qd2 Re8 26. Qxd5+ Kg7 27. Raf1 hxg3
28. h4 Qe2+ 29. Kxg3 Rxf4 30. Rxf4 Re3+ 31. R1f3 Qe1+ 32. Kg2 Re2+ 33. Rf2 1-0

[Event "Northumbria Masters Open"]
[Site "Newcastle"]
[Date "2021.08.30"]
[Round "9.7"]
[White "Bradbury, Neil H"]
[Black "Dargan, Paul AG"]
[Result "1-0"]
[WhiteElo "2297"]
[BlackElo "2064"]
[PlyCount "53"]
[EventDate "2021.08.26"]
[EventType "swiss"]
[EventRounds "9"]
[EventCountry "ENG"]
[SourceTitle "The Week in Chess 1399"]
[Source "Mark Crowther"]
[SourceDate "2021.08.30"]
[SourceVersion "1"]
[SourceVersionDate "2021.08.30"]
[SourceQuality "2"]

1. d4 Nf6 2. c4 e6 3. Nf3 Bb4+ 4. Nbd2 b6 5. g3 Bb7 6. Bg2 O-O 7. O-O d5 8. a3
Bd6 9. b3 Nbd7 10. Bb2 c5 11. e3 Rc8 12. Re1 dxc4 13. bxc4 Qc7 14. Rc1 Rfd8 15.
Qe2 Ne4 16. d5 exd5 17. cxd5 Bxd5 18. Nh4 Nef6 19. e4 Ba8 20. Nf5 Re8 21. f4
Bxf4 22. gxf4 Qxf4 23. Rf1 Qc7 24. Nxg7 Kxg7 25. Rxf6 Nxf6 26. Qg4+ Kf8 27.
Bxf6 1-0

[Event "Northumbria Masters Open"]
[Site "Newcastle"]
[Date "2021.08.30"]
[Round "9.8"]
[White "Brown, Thomas"]
[Black "Eggleston, Thomas A"]
[Result "1/2-1/2"]
[WhiteElo "2129"]
[BlackElo "2178"]
[PlyCount "105"]
[EventDate "2021.08.26"]
[EventType "swiss"]
[EventRounds "9"]
[EventCountry "ENG"]
[SourceTitle "The Week in Chess 1399"]
[Source "Mark Crowther"]
[SourceDate "2021.08.30"]
[SourceVersion "1"]
[SourceVersionDate "2021.08.30"]
[SourceQuality "2"]

1. d4 Nf6 2. Bf4 d5 3. e3 c5 4. Nf3 Qb6 5. Nbd2 cxd4 6. exd4 Nc6 7. Nb3 Bg4 8.
h3 Bh5 9. a4 a6 10. g4 Bg6 11. a5 Qa7 12. c3 e6 13. Ne5 Nxe5 14. Bxe5 Nd7 15.
Bg3 Be7 16. Bd3 b5 17. Rc1 Qb7 18. O-O O-O 19. h4 Bxd3 20. Qxd3 Qc6 21. Nd2 f5
22. f3 f4 23. Bf2 e5 24. Rfe1 Bd6 25. b3 Rae8 26. c4 bxc4 27. bxc4 exd4 28.
Rxe8 Rxe8 29. Qxd4 Rc8 30. Rd1 Ne5 31. Qxd5+ Qxd5 32. cxd5 Bb4 33. Bd4 Ng6 34.
h5 Nh4 35. Bf2 Bxd2 36. Bxh4 Bxa5 37. d6 Bd8 38. d7 Rb8 39. Rc1 Kf7 40. Bxd8
Rxd8 41. Rc7 Ke6 42. Ra7 Rxd7 43. Rxa6+ Ke5 44. Ra4 Rd4 45. Ra5+ Ke6 46. Ra6+
Kf7 47. Ra5 Rb4 48. Kg2 Kf6 49. g5+ Kf7 50. Ra7+ Kf8 51. Kh3 Rb1 52. Kg4 Rh1
53. Ra4 1/2-1/2

[Event "Northumbria Masters Open"]
[Site "Newcastle"]
[Date "2021.08.30"]
[Round "9.9"]
[White "Sedykh, Mikhail"]
[Black "Ortiz Sanchez, Luis"]
[Result "1/2-1/2"]
[WhiteElo "2124"]
[BlackElo "1899"]
[PlyCount "41"]
[EventDate "2021.08.26"]
[EventType "swiss"]
[EventRounds "9"]
[EventCountry "ENG"]
[SourceTitle "The Week in Chess 1399"]
[Source "Mark Crowther"]
[SourceDate "2021.08.30"]
[SourceVersion "1"]
[SourceVersionDate "2021.08.30"]
[SourceQuality "2"]

1. d4 d5 2. c4 c6 3. Nf3 Nf6 4. e3 e6 5. Bd3 Nbd7 6. O-O Bd6 7. Nc3 O-O 8. b3
Re8 9. Qc2 e5 10. cxd5 cxd5 11. dxe5 Nxe5 12. Be2 Bg4 13. Nxe5 Bxe5 14. Bb2 Rc8
15. Bxg4 Nxg4 16. h3 Nf6 17. Qd3 d4 18. exd4 Qxd4 19. Qxd4 Bxd4 20. Rac1 h6 21.
Rfd1 1/2-1/2

[Event "Northumbria Masters Open"]
[Site "Newcastle"]
[Date "2021.08.30"]
[Round "9.10"]
[White "Murphy, Ryan"]
[Black "Yoon, Jacob D"]
[Result "1-0"]
[WhiteElo "1977"]
[BlackElo "2116"]
[PlyCount "53"]
[EventDate "2021.08.26"]
[EventType "swiss"]
[EventRounds "9"]
[EventCountry "ENG"]
[SourceTitle "The Week in Chess 1399"]
[Source "Mark Crowther"]
[SourceDate "2021.08.30"]
[SourceVersion "1"]
[SourceVersionDate "2021.08.30"]
[SourceQuality "2"]

1. e4 e5 2. Nf3 Nc6 3. Nc3 Nf6 4. d4 exd4 5. Nxd4 Bb4 6. Nxc6 bxc6 7. Bd3 d5 8.
exd5 cxd5 9. O-O Bg4 10. Ne2 O-O 11. h3 Bh5 12. c4 d4 13. Qc2 c5 14. Nf4 Bg6
15. a3 Ba5 16. Bxg6 hxg6 17. Nd3 Rc8 18. b4 Bb6 19. Bg5 Qd7 20. Rfe1 Rfe8 21.
Bxf6 gxf6 22. Rxe8+ Qxe8 23. Re1 Qc6 24. g3 cxb4 25. axb4 Qxc4 26. Re8+ Kg7 27.
Rxc8 1-0

[Event "Northumbria Masters Open"]
[Site "Newcastle"]
[Date "2021.08.30"]
[Round "9.11"]
[White "Siddharth, Gopakumar"]
[Black "Basman, Michael J"]
[Result "1/2-1/2"]
[WhiteElo "1856"]
[BlackElo "2289"]
[PlyCount "150"]
[EventDate "2021.08.26"]
[EventType "swiss"]
[EventRounds "9"]
[EventCountry "ENG"]
[SourceTitle "The Week in Chess 1399"]
[Source "Mark Crowther"]
[SourceDate "2021.08.30"]
[SourceVersion "1"]
[SourceVersionDate "2021.08.30"]
[SourceQuality "2"]

1. e4 g5 2. d4 h6 3. h4 g4 4. Nc3 d6 5. Nge2 Nf6 6. Ng3 a6 7. Bf4 c6 8. a4 Qa5
9. Bc4 d5 10. exd5 cxd5 11. Bb3 Nc6 12. O-O Be6 13. Nce2 Bg7 14. c3 h5 15. Qd2
Nd7 16. Bc2 Bf6 17. Bg5 Bxg5 18. Qxg5 O-O-O 19. b4 Qc7 20. b5 Rdg8 21. Qd2 axb5
22. axb5 Na5 23. Bd3 b6 24. Rfb1 Kb7 25. Ra4 Nf6 26. Qa2 Ra8 27. Ra1 Rhc8 28.
Qa3 Qd8 29. Ra2 Qc7 30. Qb2 Qd6 31. R2a3 Bd7 32. Qa2 e6 33. Nc1 Kc7 34. Nb3 Kd8
35. Nxa5 bxa5 36. Qd2 e5 37. Qg5 e4 38. Bf1 Kc7 39. Nxh5 Nxh5 40. Qxh5 Rh8 41.
Qe5 Qxe5 42. dxe5 Kb6 43. g3 Rh5 44. Ra2 Rxe5 45. Rd2 Kc5 46. Rda2 e3 47. fxe3
Rxe3 48. Kf2 Rxc3 49. Rxa5 Rxa5 50. Rxa5 d4 51. h5 d3 52. h6 d2 53. Ke2 Rc1 54.
Kxd2 Rxf1 55. b6+ Kxb6 56. Rh5 Bf5 57. h7 Bxh7 58. Rxh7 f5 59. Re7 Kc5 60. Re3
Kd4 61. Rd3+ Ke5 62. Ke2 Ra1 63. Re3+ Kf6 64. Kf2 Kg5 65. Rb3 Ra2+ 66. Kg1 Ra5
67. Kf2 f4 68. gxf4+ Kh4 69. Rb2 Kh3 70. Rb1 Kh2 71. Ke3 g3 72. Ke4 g2 73. f5
Ra4+ 74. Ke5 Ra2 75. f6 Re2+ 1/2-1/2

[Event "Northumbria Masters Open"]
[Site "Newcastle"]
[Date "2021.08.30"]
[Round "9.13"]
[White "Mosnegutu, Klauss"]
[Black "Birtwistle, Nigel"]
[Result "0-1"]
[WhiteElo "2235"]
[BlackElo "2123"]
[PlyCount "148"]
[EventDate "2021.08.26"]
[EventType "swiss"]
[EventRounds "9"]
[EventCountry "ENG"]
[SourceTitle "The Week in Chess 1399"]
[Source "Mark Crowther"]
[SourceDate "2021.08.30"]
[SourceVersion "1"]
[SourceVersionDate "2021.08.30"]
[SourceQuality "2"]

1. d4 Nf6 2. c4 c5 3. Nf3 cxd4 4. Nxd4 e5 5. Nf3 Nc6 6. Nc3 h6 7. a3 d6 8. b4
Be7 9. Nd5 Nxd5 10. cxd5 Nb8 11. e4 f5 12. Bb5+ Nd7 13. exf5 O-O 14. g4 Nf6 15.
h3 a5 16. Be3 Kh8 17. Nh4 Rf7 18. Ng6+ Kh7 19. h4 Nxg4 20. Nxe7 Nxe3 21. fxe3
Rxe7 22. Qg4 Qb6 23. Qg6+ Kg8 24. O-O Qxb5 25. Ra2 Qxd5 26. Rg2 Bd7 27. f6 Rf7
28. e4 Qd4+ 29. Rff2 Qe3 30. Rg3 Qc1+ 31. Rf1 Qd2 32. Rf2 Qd1+ 33. Kh2 h5 34.
Rg5 Qe1 35. Rgg2 Bg4 36. bxa5 Qe3 37. Rb2 Rc8 38. Rg3 Qh6 39. Qxh6 gxh6 40. Rd3
Rd8 41. Rb6 Rxf6 42. Rxb7 Ra8 43. Rb5 Bf3 44. Re3 Ra7 45. Rb2 Bg4 46. Rb5 Bd7
47. Rb8+ Kg7 48. Rd8 Bg4 49. Rb3 Rxa5 50. Rbb8 Be6 51. Rxd6 Rxa3 52. Rb7+ Bf7
53. Rd2 Rf4 54. Rdd7 Rxh4+ 55. Kg2 Rf4 56. Re7 h4 57. Rb2 h3+ 58. Kh2 Rxe4 59.
Rc2 Rae3 60. Rf2 Rf4 61. Rb2 Kf6 62. Rc7 Be6 63. Rh7 Kg6 64. Re7 Bd5 65. Rb6+
Rf6 66. Rb2 Kh5 67. Rd7 Bg2 68. Rd1 Rf1 69. Rxf1 Bxf1 70. Rb4 Re2+ 71. Kg3 Rg2+
72. Kf3 h2 73. Rb5 h1=Q 74. Rxe5+ Rg5+ 0-1

[Event "Northumbria Masters Open"]
[Site "Newcastle"]
[Date "2021.08.30"]
[Round "9.14"]
[White "Jones, Steven A"]
[Black "Pink, Joshua"]
[Result "0-1"]
[WhiteElo "2234"]
[BlackElo "1924"]
[PlyCount "107"]
[EventDate "2021.08.26"]
[EventType "swiss"]
[EventRounds "9"]
[EventCountry "ENG"]
[SourceTitle "The Week in Chess 1399"]
[Source "Mark Crowther"]
[SourceDate "2021.08.30"]
[SourceVersion "1"]
[SourceVersionDate "2021.08.30"]
[SourceQuality "2"]

1. e4 e5 2. Nf3 Nf6 3. d4 Nxe4 4. Bd3 Nc6 5. dxe5 d5 6. exd6 Nxd6 7. Nc3 Be6 8.
Bf4 Nb4 9. O-O Be7 10. Nd4 Nxd3 11. Nxe6 fxe6 12. Qxd3 O-O 13. Bg3 Nf5 14. Qe4
Rf6 15. Be5 Rg6 16. Qxb7 Rb8 17. Qxa7 Rxb2 18. Rfb1 Rxb1+ 19. Rxb1 Qd2 20. Qa8+
Kf7 21. Qe4 Bc5 22. Qe2 Qg5 23. g3 Nd4 24. Qe4 Nxc2 25. Qf3+ Qf5 26. Qxf5+ exf5
27. Rb7 Rc6 28. Rxc7+ Rxc7 29. Bxc7 Ke6 30. Kf1 Bb4 31. Nb5 Kd5 32. Ke2 Na3 33.
Nxa3 Bxa3 34. Kd3 g5 35. Bb6 h5 36. Kc3 Ke4 37. Kb3 Bd6 38. a4 Kf3 39. a5 Bb8
40. a6 Kg2 41. Kc4 Kxh2 42. g4 hxg4 43. Bc7+ Bxc7 44. a7 Bb6 45. a8=Q Bxf2 46.
Qh8+ Kg1 47. Kd3 g3 48. Ke2 g4 49. Qh5 g2 50. Qxf5 Bg3 51. Qxg4 Kh1 52. Qf3 Kh2
53. Qh5+ Kg1 54. Qh3 0-1